000 00424 a2200145 4500
999 _c5446
_d5446
020 _a9788131508251
050 _aRA 395 FEL 2005
100 _aFeldstein, Paul J.
_eAuthor
245 _aEconomics of health care /
_cPaul J. Feldstein
264 _aNew Delhi:
_bCengage learning,
_c2005
300 _a413p. :
_bill.
500 _aIncludes index
650 _aEconomics of
_xHealth care
942 _2lcc
_cBK
_eIndia ed.
_h395
_iFEL
_kRA